| 000 | 00643nam a22002172 4500 | ||
|---|---|---|---|
| 001 | 0000023754 | ||
| 005 | 20151217152248.0 | ||
| 008 | 130321s xx 000 0 eng d | ||
| 020 | _a1581346312 : | ||
| 040 |
_aKABU _cKABU |
||
| 100 | 1 |
_aDever, Mark. _@0000161180 |
|
| 245 | 1 | 0 |
_aNine marks of a healthy church / _cMark Dever. |
| 250 | _aNew expanded ed. | ||
| 260 |
_aWheaton : _bCrossway, _c2004. |
||
| 300 | _a287 p. | ||
| 650 | 0 |
_aChurch _xmarks. _@0000183387 |
|
| 852 | 1 | _9p900 KES | |
| 852 | 1 | _9p900 KES | |
| 908 | _a130321 | ||
| 950 | _@1 | ||
| 999 |
_c9960 _d9960 |
||